Guess the Taylor Swift Song (no hints) 52 - Statistics

General Stats
  • This quiz has been taken 138 times
  • The average score is 229 of 280
Answer Stats
Answer % Correct
I
100%
You
99%
you
99%
a
98%
we
98%
your
98%
me
96%
the
96%
it
95%
to
95%
that
94%
when
94%
be
93%
on
93%
you're
93%
do
92%
my
92%
she
92%
And
90%
for
90%
like
90%
was
90%
Was
90%
who
90%
don't
89%
so
89%
were
89%
is,
88%
is
88%
of
88%
what
88%
What
88%
(What
88%
it's
87%
Now
87%
talk
87%
with?
87%
With
87%
said
86%
But
83%
have
83%
I'll
83%
know
83%
best
82%
men
82%
Did
81%
ever
81%
from
81%
mom,
81%
say
81%
this
81%
am
80%
can't
80%
how
80%
I'd
80%
off
80%
(Off
80%
want
80%
friend,
78%
get
78%
think
78%
never,
77%
didn't
76%
has
76%
just
76%
Just
76%
got
75%
Or
75%
though,
75%
you'd
75%
even
73%
part
73%
tell
73%
home?
72%
way
72%
called
71%
more
71%
pretend
71%
went
71%
guess
70%
Guess
70%
less
70%
better
69%
chest
69%
chest)
69%
cost
69%
had
69%
lost
69%
lost)
69%
new
69%
party,
69%
friends
67%
myself
67%
pay
67%
price
67%
been
66%
hair
66%
heard
66%
looks
66%
rock
66%
cannot
65%
everybody
65%
gave,
65%
icons
65%
important
65%
long,
65%
long
65%
Remind
65%
started
65%
thoughts
65%
acid
64%
crowd
64%
grew
64%
Red
64%
Sea,
64%
back
63%
ways,
63%
only
61%
trying
61%
anxious
60%
mega-yacht
60%
miss
60%
old
60%
change
59%
into
59%
outside,
59%
lives
58%
maybe
55%
faded
54%
dignity
52%
left
51%
left)
51%
turn
51%
ended,
49%
mystery
49%
chasing
48%
weekends
47%
shrouded
46%
Truth
43%
Platonic,
42%
till
41%
(Till
41%
Shared
33%
dinners,
31%
No matching quizzes found
Score Distribution
Percent of People with Each Score
Percentile by Number Answered
Your Score History
You have not taken this quiz